000 00361nam a2200121Ia 4500
008 220217s9999||||xx |||||||||||||| ||und||
020 _a81-203-0145-5
100 _aDeo, Narsingh
_9928
245 0 _aGraph theory ; with applications to engineering and computer
260 _aPrenice hall of India
_bNew Delhi
_c2000
300 _b150
650 _aMATHEMATICS
999 _c168311
_d168311